| 000 | 01076ny a22002653n 4500 | ||
|---|---|---|---|
| 005 | 20240305165324.0 | ||
| 008 | 091223s2007 po 000 0 por d | ||
| 020 | _a9789727491308 | ||
| 035 | _a1853 | ||
| 040 |
_aBUS _dvLex |
||
| 080 | _a347.9557(469) | ||
| 090 |
_c1008 _d1008 |
||
| 100 | 1 | _aLeitâo, Helder Martins | |
| 245 | 1 | 0 |
_aDeterminaçâo Indirecta da Matéria Colectável _h[Recurso electrónico] _cHelder Martins Leitâo |
| 256 | _aServicio en línea | ||
| 260 |
_aPortugal : _bAlmeida & Leitâo, _c2007 |
||
| 300 |
_ap. ; _ccm |
||
| 506 | 1 |
_aContenido solo disponible en los productos indicados _dvLex Global _dvLex Global (Academic Edition, excluding Law Schools) _dvLex Global (U.S. Academic Edition, Law Schools) _dvLex Global (U.S. Academic Edition, excluding Law Schools) _dvLex Global (Academic Edition, Law Schools) |
|
| 650 | 0 | 4 |
_aDerecho fiscal _zPortugal |
| 650 | 0 | 4 | _aHacienda local |
| 650 | 0 | 4 |
_aMedios de impugnación _zPortugal |
| 740 | 0 | _avLex Libros (Servicios en línea) | |
| 856 | 4 | 0 | _uhttps://app.vlex.com/#/sources/1853 |
| 942 | _cRAA | ||
| 999 |
_c159511 _d159511 |
||